<?xml version="1.0" encoding="UTF-8"?>
<record
    xmlns:xsi="http://www.w3.org/2001/XMLSchema-instance"
    xsi:schemaLocation="http://www.loc.gov/MARC21/slim http://www.loc.gov/standards/marcxml/schema/MARC21slim.xsd"
    xmlns="http://www.loc.gov/MARC21/slim">

  <leader>01341nam a2200205 a 4500</leader>
  <controlfield tag="001">ASIN0071615806</controlfield>
  <controlfield tag="005">20140603011635.0</controlfield>
  <controlfield tag="008">140603s2009    xxu                 eng d</controlfield>
  <datafield tag="020" ind1=" " ind2=" ">
    <subfield code="a">0071615806 (paperback)</subfield>
    <subfield code="c">$15.95</subfield>
  </datafield>
  <datafield tag="020" ind1=" " ind2=" ">
    <subfield code="a">9780071615808 (paperback)</subfield>
  </datafield>
  <datafield tag="100" ind1="1" ind2=" ">
    <subfield code="a">Ryder, Rory.</subfield>
  </datafield>
  <datafield tag="245" ind1="1" ind2="0">
    <subfield code="a">101 english verbs with mp4 video disc /</subfield>
    <subfield code="c">Rory Ryder.</subfield>
  </datafield>
  <datafield tag="250" ind1=" " ind2=" ">
    <subfield code="a">2nd ed.</subfield>
  </datafield>
  <datafield tag="260" ind1=" " ind2=" ">
    <subfield code="a">[S.l.] :</subfield>
    <subfield code="b">McGraw-Hill,</subfield>
    <subfield code="c">2009.</subfield>
  </datafield>
  <datafield tag="300" ind1=" " ind2=" ">
    <subfield code="a">128 p. ;</subfield>
    <subfield code="c">22 cm.</subfield>
  </datafield>
  <datafield tag="490" ind1="1" ind2=" ">
    <subfield code="a">101... language series.</subfield>
  </datafield>
  <datafield tag="520" ind1=" " ind2=" ">
    <subfield code="a">Robots and mechanical bees bring verbs to life and an accompanying disc puts infinitives in motion With nothing but drills and rote memorization, there's never been anything fun about conjugating English verbs--until now! 101 English Verbs inspires you to study verb conjugations with its full-color charts and charming, fun illustrations. Quirky robots, buzzy robo-bees, and a mischievous canine present the 101 commonly used verbs, with each verb's infinitive cleverly incorporated into a drawing for further reinforcement. For even more help with remembering the conjugations, each book comes with an MP3 disc packed with downloadable animations and pronunciations, easily loaded onto your iPod.</subfield>
  </datafield>
  <datafield tag="830" ind1=" " ind2="0">
    <subfield code="a">101... language series.</subfield>
  </datafield>
  <datafield tag="856" ind1="4" ind2="0">
    <subfield code="3">Amazon.com</subfield>
    <subfield code="u">http://www.amazon.com/exec/obidos/ASIN/0071615806/chopaconline-20</subfield>
  </datafield>
  <datafield tag="999" ind1=" " ind2=" ">
    <subfield code="c">4911</subfield>
    <subfield code="d">4911</subfield>
  </datafield>
  <datafield tag="952" ind1=" " ind2=" ">
    <subfield code="0">0</subfield>
    <subfield code="1">0</subfield>
    <subfield code="4">0</subfield>
    <subfield code="7">0</subfield>
    <subfield code="a">QUESTCL</subfield>
    <subfield code="b">QUESTCL</subfield>
    <subfield code="d">2014-06-03</subfield>
    <subfield code="g">608.00</subfield>
    <subfield code="l">0</subfield>
    <subfield code="o">423RYD</subfield>
    <subfield code="p">39727</subfield>
    <subfield code="r">2014-06-03 00:00:00</subfield>
    <subfield code="w">2014-06-03</subfield>
    <subfield code="y">BK</subfield>
  </datafield>
  <datafield tag="952" ind1=" " ind2=" ">
    <subfield code="0">0</subfield>
    <subfield code="1">0</subfield>
    <subfield code="4">0</subfield>
    <subfield code="7">0</subfield>
    <subfield code="a">QUESTCL</subfield>
    <subfield code="b">QUESTCL</subfield>
    <subfield code="d">2017-09-20</subfield>
    <subfield code="g">1240.00</subfield>
    <subfield code="l">0</subfield>
    <subfield code="o">423.24RYD(Shelf - 25C)</subfield>
    <subfield code="p">56445</subfield>
    <subfield code="r">2017-09-20 00:00:00</subfield>
    <subfield code="y">BK</subfield>
  </datafield>
  <datafield tag="952" ind1=" " ind2=" ">
    <subfield code="0">0</subfield>
    <subfield code="1">0</subfield>
    <subfield code="4">0</subfield>
    <subfield code="7">0</subfield>
    <subfield code="8">REF</subfield>
    <subfield code="a">REF</subfield>
    <subfield code="b">REF</subfield>
    <subfield code="d">2017-09-20</subfield>
    <subfield code="g">1240.00</subfield>
    <subfield code="l">0</subfield>
    <subfield code="o">423.24RYD  (Shelf - 25D))</subfield>
    <subfield code="p">56446</subfield>
    <subfield code="r">2017-09-20 00:00:00</subfield>
    <subfield code="y">BK</subfield>
  </datafield>
  <datafield tag="952" ind1=" " ind2=" ">
    <subfield code="0">0</subfield>
    <subfield code="1">0</subfield>
    <subfield code="4">0</subfield>
    <subfield code="7">0</subfield>
    <subfield code="a">QUESTCL</subfield>
    <subfield code="b">QUESTCL</subfield>
    <subfield code="d">2017-09-20</subfield>
    <subfield code="g">1240.00</subfield>
    <subfield code="l">0</subfield>
    <subfield code="o">423.24RYD</subfield>
    <subfield code="p">56447</subfield>
    <subfield code="r">2017-09-20 00:00:00</subfield>
    <subfield code="w">2017-09-20</subfield>
    <subfield code="y">BK</subfield>
  </datafield>
</record>
